000 01296cam a2200133 4500500
005 20260329023152.0
041 _afre
042 _adc
100 1 0 _aRoger, Jérôme
_eauthor
245 0 0 _aLa critique littéraire
260 _bArmand Colin,
_c2016.
520 _aDiscipline aux contours mouvants, la critique littéraire est peu représentée aujourd’hui dans l’enseignement des lettres qui en méconnaît parfois l’enjeu, ou la tient pour un simple réservoir de méthodes. C’est oublier que la critique invite d’abord au décentrement du lecteur. Héritière de la poétique, de la philologie, de l’herméneutique, elle s’est enrichie au cours du XIXe et du XXe siècles de l’apport des sciences humaines et sociales. Elle ne se limite cependant pas au domaine français. En témoigne son dialogue de toujours avec la littérature européenne et mondiale, plus récemment avec les littératures francophones.André Gide précisait toutefois qu’« il n’y a pas de critique intéressante en tant que genre », mais qu’« il y a des critiques intéressants ». Si cet ouvrage parvenait à en persuader ses lecteurs, il aurait rempli sa fonction.
856 4 1 _uhttps://shs.cairn.info/la-critique-litteraire--9782200616120?lang=fr&redirect-ssocas=7080
999 _c1925198
_d1925198